| 000 | 00368nam a2200145Ia 4500 | ||
|---|---|---|---|
| 008 | 150201s2002 xx 000 0 und d | ||
| 082 |
_a612.015 _bE2002S |
||
| 100 | _aSATAYANAYANA,U | ||
| 245 | _aESSENTIALS OF BIOCHEMISTRY | ||
| 250 | _a1ST | ||
| 260 |
_bBOOKS & ALLIED PUBLICATION _aKOLKATA _c2002 |
||
| 300 | _a1-369 | ||
| 650 | _aBIOCHEMISTRY | ||
| 942 |
_2ddc _cBK _01 |
||
| 999 |
_c2545 _d2545 |
||